00395nam a22001577a 4500003000400000008004100004020001800045082001600063100001900079245003100098250001500129260002700144300000800171650003100179700002700210OSt250424b |||||||| |||| 00| 0 eng d a9788126541133 a629.892 ASR aASADA,Haruhiko aRobot analysis and Control aRep 1st Ed aNew DelhibWileyc2013 a266 aRobot analysis and Control aSLOTINE,Jean-Jacques E